Score 0/84 Timer 08:00
0 Plays Today
Category Words (Missing Letter) % Correct
ElementsIRON (I)
88%
PresidentsBUSH (H)
85.3%
PresidentsOBAMA (O)
85.3%
PresidentsWASHINGTON (O)
85.3%
PresidentsJEFFERSON (E)
84%
StatesTEXAS (E)
84%
StatesMAINE (N)
80%
StatesOHIO (O)
80%
StatesCALIFORNIA (R)
76%
StatesFLORIDA (O)
76%
PresidentsEISENHOWER (R)
74.7%
ComposersBACH (A)
74.7%
Culinary NutsWALNUT (N)
74.7%
Top 10 Boys Names, 2011JACOB (A)
74.7%
US CitiesCHICAGO (A)
74.7%
StatesOREGON
73.3%
US CitiesPHILADELPHIA (D)
73.3%
AlcoholWHISKEY (H)
73.3%
StatesGEORGIA (G)
72%
Top 10 Boys Names, 2011ALEXANDER (E)
72%
ComposersBEETHOVEN (T)
70.7%
Culinary NutsMACADAMIA (D)
70.7%
PresidentsHOOVER
68%
Culinary NutsBRAZIL (L)
68%
AlcoholBOURBON (O)
68%
PresidentsROOSEVELT (V)
66.7%
Culinary NutsCASHEW (A)
66.7%
Top 10 Boys Names, 2011MICHAEL (L)
66.7%
Category Words (Missing Letter) % Correct
Sporcle CategoriesHOLIDAY (A)
66.7%
CountriesURUGUAY (U)
64%
Top 10 Boys Names, 2011WILLIAM (I)
64%
US CitiesSEATTLE (L)
62.7%
Sporcle CategoriesHISTORY (I)
61.3%
Top 10 Girls Names, 2011SOPHIA (I)
60%
Sporcle CategoriesGEOGRAPHY (G)
60%
CountriesTUNISIA (U)
58.7%
Sporcle CategoriesLANGUAGE (G)
58.7%
CountriesBAHAMAS (A)
57.3%
ComposersBRAHMS (M)
56%
US CitiesHOUSTON (S)
56%
Sporcle CategoriesSCIENCE (N)
56%
Sporcle CategoriesMUSIC (M)
56%
CountriesLATVIA (L)
54.7%
Capital CitiesLIMA (I)
54.7%
Top 10 Girls Names, 2011AVA (V)
53.3%
ElementsANTIMONY (A)
52%
Sporcle CategoriesGAMING
52%
ElementsMANGANESE (M)
50.7%
CountriesLIECHTENSTEIN (T)
50.7%
US CitiesDALLAS
45.3%
Top 10 Boys Names, 2011JAYDEN (D)
45.3%
Top 10 Boys Names, 2011NOAH (N)
44%
Top 10 Girls Names, 2011ISABELLA (I)
44%
Top 10 Girls Names, 2011ABIGAIL (L)
42.7%
Culinary NutsALMOND
40%
CountriesTUVALU
38.7%
Category Words (Missing Letter) % Correct
AlcoholCOGNAC (C)
38.7%
ElementsRUBIDIUM (U)
37.3%
US CitiesCHARLOTTE (L)
37.3%
Culinary NutsHICKORY (O)
36%
CountriesVANUATU (V)
34.7%
AlcoholCIDER (C)
34.7%
Top 10 Boys Names, 2011DANIEL
33.3%
US CitiesSACRAMENTO (A)
33.3%
Capital CitiesTRIPOLI (L)
32%
Capital CitiesZAGREB (G)
32%
Top 10 Girls Names, 2011MADISON (A)
30.7%
Top 10 Girls Names, 2011CHLOE (O)
29.3%
Capital CitiesANKARA (K)
28%
ComposersMOZART
26.7%
ElementsBARIUM
24%
ElementsROENTGENIUM (R)
22.7%
Top 10 Girls Names, 2011OLIVIA
22.7%
ElementsNIOBIUM (B)
20%
Capital CitiesVIENTIANE (I)
18.7%
ComposersMUSSORGSKY (O)
14.7%
AlcoholSCOTCH
13.3%
Capital CitiesCHISINAU (A)
12%
AlcoholABSINTHE (T)
12%
AlcoholSAMBUCA (S)
10.7%
Capital CitiesKIGALI
9.3%
ComposersSCARLATTI (R)
6.7%
ComposersZIPOLI (Z)
4%
Culinary NutsMONGONGO (M)
2.7%
Remove Ads.
Support Sporcle.
Get the best of Sporcle when you Go Orange. This ad-free experience offers more features, more stats, and more fun while also helping to support Sporcle. Thank you for becoming a member.

You're not logged in!

Compare scores with friends on all Sporcle quizzes.
OR
Log In

Show Comments

Extras

Top Quizzes Today


Score Distribution

Your Account Isn't Verified!

In order to create a playlist on Sporcle, you need to verify the email address you used during registration. Go to your Sporcle Settings to finish the process.

Report this User

Report this user for behavior that violates our Community Guidelines.

Details: